2023 Champions League Final Manchester City - Inter Milan - Statistics

General Stats
  • This quiz has been taken 3,722 times
  • The average score is 22 of 31
Answer Stats
Player % Correct
Erling Haaland
98%
Ederson
97%
Kevin De Bruyne
92%
Rodri ¹
92%
Lautaro Martínez
90%
Phil Foden
90%
Rúben Dias
90%
John Stones
88%
Pep Guardiola
86%
Jack Grealish
85%
Nathan Aké
83%
André Onana
82%
Bernardo Silva
82%
Manuel Akanji
82%
Romelu Lukaku
81%
Nicolò Barella
79%
Alessandro Bastoni
77%
İlkay Gündoğan
74%
Federico Dimarco
73%
Kyle Walker
70%
Denzel Dumfries
65%
Simone Inzaghi
64%
Hakan Çalhanoğlu
64%
Edin Džeko
59%
Francesco Acerbi
58%
Marcelo Brozović
47%
Matteo Darmian
47%
Henrikh Mkhitaryan
43%
Robin Gosens
20%
Danilo D'Ambrosio
16%
Raoul Bellanova
15%
No matching quizzes found
Score Distribution
Percent of People with Each Score
Percentile by Number Answered
Your Score History
You have not taken this quiz